000 01191cpcaa2200301 4500
001 mm 80059311
003 DLC
005 20260227111705.0
008 810119|||||||||||| eng
010 _amm 80059311
040 _aDLC
_cDLC
_edacs
_dDLC
072 7 _aC
_2lcmd
110 1 _aFrance.
_bLégation (U.S.)
245 0 0 _aFrance. Légation (U.S.) minutes,
_f1777-1793.
300 _a100
_fitems.
300 _a3
_fcontainers.
300 _a1.0
_flinear feet.
506 0 _aOpen to research.
520 8 _aMinutes of the French legation to the U.S.
533 _aPhotostats of originals in the Papers of Benjamin Franklin, Yale University (New Haven, Conn.).
535 1 _aConnecticut: Yale University Library/Papers of Benjamin Franklin, New Haven.
546 _aCollection material in English.
555 8 _aFinding aid available in the Library of Congress Manuscript Reading Room.
600 1 0 _aFranklin, Benjamin,
_d1706-1790.
651 0 _aFrance
_xForeign relations
_zUnited States.
651 0 _aUnited States
_xForeign relations
_zFrance.
999 _c42907
_d42907